Loading...
| History - World | 1 | 5 | 2 | 0 | 55 | 37 | 101.00 | 2 | 6 | 15.43 | 33.33 |
| Fine Arts - Other | 2 | 3 | 1 | 1 | 55 | 48 | 100.60 | 4 | 5 | 12.27 | 34.62 |
| Literature - Long Fiction | 0 | 5 | 0 | 0 | 50 | 130 | 140.20 | 2 | 5 | 4.54 | 31.82 |
| Philosophy | 0 | 4 | 0 | 1 | 40 | 139 | 142.00 | 1 | 4 | 1.37 | 22.22 |
| Fine Arts - Painting and Sculpture | 0 | 4 | 0 | 0 | 40 | 104 | 140.50 | 1 | 4 | 4.22 | 27.78 |
| Current Events | 1 | 2 | 1 | 0 | 30 | 47 | 74.00 | 1 | 3 | 20.87 | 28.57 |
| Social Science | 1 | 2 | 1 | 0 | 30 | 46 | 81.67 | 1 | 3 | 8.74 | 14.29 |
| Literature - Poetry | 0 | 3 | 1 | 0 | 25 | 106 | 125.00 | 2 | 3 | 7.62 | 27.78 |
| Geography | 1 | 1 | 1 | 0 | 20 | 59 | 88.00 | 1 | 2 | 12.88 | 25.00 |
| Short Fiction and Other | 0 | 2 | 0 | 0 | 20 | 127 | 142.00 | 2 | 2 | 3.92 | 33.33 |
| History - European | 0 | 3 | 3 | 0 | 15 | 91 | 102.00 | 2 | 3 | 9.75 | 27.78 |
| Literature - Drama | 0 | 2 | 1 | 0 | 15 | 125 | 134.50 | 1 | 2 | 3.46 | 21.43 |
| Mythology | 0 | 2 | 1 | 0 | 15 | 102 | 109.00 | 2 | 2 | 7.50 | 33.33 |
| History - Ancient | 1 | 0 | 0 | 0 | 15 | 62 | 62.00 | 1 | 1 | 57.82 | 100.00 |
| Science - Biology | 0 | 1 | 0 | 1 | 10 | 132 | 132.00 | 1 | 1 | 0.17 | 11.11 |
| Science - Other | 0 | 1 | 0 | 0 | 10 | 153 | 153.00 | 0 | 1 | 0.55 | 6.25 |
| Science - Physics | 0 | 1 | 1 | 1 | 5 | 130 | 130.00 | 0 | 1 | 0.17 | 5.56 |
| Other Academic | 0 | 1 | 2 | 0 | 0 | 113 | 113.00 | 0 | 1 | 2.08 | 5.56 |
| Religion | 1 | 0 | 3 | 0 | 0 | 82 | 82.00 | 0 | 1 | 6.48 | 7.14 |
| Science - Chemistry | 0 | 0 | 0 | 0 | 0 | 0.00 | 0 | 0 | 0.00 | 0.00 | |
| Fine Arts - Classical Music | 0 | 0 | 0 | 0 | 0 | 0.00 | 0 | 0 | 0.00 | 0.00 | |
| History - American | 0 | 0 | 2 | 0 | -10 | 0.00 | 0 | 0 | 0.00 | 0.00 |